| 000 | 00588nam a2200169 a 4500 | ||
|---|---|---|---|
| 001 | 000027763 | ||
| 005 | 20200930031057.0 | ||
| 008 | 110404s1987 dr ab 000 0 spa d | ||
| 040 |
_aDO-SdBNP _bspa _cBNPHU |
||
| 100 | 1 |
_aAscuasiati de Alfáu, Carmen _925870 |
|
| 245 | 1 | 0 |
_aDiagnóstico parasitológico en el laboratorio. / _cCarmen Ascuasiati de Alfáu. |
| 260 |
_aSanto Domingo : _bUniversidad Autónoma de Santo Domingo, _c1987. |
||
| 300 |
_a175 P. : _bil., map. ; _c28 cm. |
||
| 490 | 1 |
_aTemas de parasitología _vno. 1 |
|
| 830 | 0 |
_aTemas de parasitología _n1 _954838 |
|
| 049 | _aBNPD | ||
| 999 |
_c27255 _d27255 |
||